00566nam a22002057a 4500003000500000005001700005008004100022010001000063011001000073035001000083040000900093082001400102100002200116245007000138260003800208300001100246490003400257650003500291830003400326CHAP20220329135841.0971013s1963 r 00010 d a43287 a44259 a48397 cCHAP a519.7bR300aRaisbeck, Gordon. aInformation theory ; an introduction for scientists and engineers aCambridge, Mass. :bM.I.T.,c1963 a105 p. aM.I.T. paperback seriesv; 1614aInformaciónxTeoría de la.0 aM.I.T. paperback seriesv; 16